|
|
|
|
| LEADER |
00000nam0a2200000 4500 |
| 001 |
100835 |
| 005 |
20231101214329.0 |
| 010 |
|
|
|a 5060041565
|
| 035 |
|
|
|a (RuTPU)RU\TPU\book\108519
|
| 035 |
|
|
|a RU\TPU\book\68771
|
| 090 |
|
|
|a 100835
|
| 100 |
|
|
|a 20060828d2006 m y0rusy50 ca
|
| 101 |
0 |
|
|a rus
|
| 102 |
|
|
|a RU
|
| 105 |
|
|
|a a j 000zy
|
| 200 |
1 |
|
|a Инженерная геодезия
|e учебник для вузов
|f Г. А. Федотов
|
| 205 |
|
|
|a 3-е изд., испр.
|
| 210 |
|
|
|a Москва
|c Высшая школа
|d 2006
|
| 215 |
|
|
|a 463 с.
|c ил.
|
| 330 |
|
|
|a Изложены основы инженерной геодезии, показано значение ее в экономике страны. В отличие от ранее изданных учебников в настоящем издании кроме традиционных сведений по инженерной геодезии впервые дана информация по электронным картам, используемым в геоинформационных системах ГИС, а также цифровым и математическим моделям местности, являющимся основой современного системного автоматизированного проектирования инженерных сооружений САПР, по инженерно-геодезическим методам и процессам, вобравшим в себя последние достижения компьютерных технологий: электронной и компьютерной тахеометрии, спутниковой навигации, лазерному сканированию, цифровой фотограмметрии. В учебнике обобщен опыт работ при изысканиях и строительстве автомобильных дорог и сооружений на них ведущих проектно-изыскательских организаций России. Для студентов автомобилъно-дорожных и строительных специальностей вузов. Может быть использован студентами соответствующих специальностей техникумов, колледжей и специалистами.
|
| 451 |
|
1 |
|0 (RuTPU)RU\TPU\book\164165
|y 978-5-06-006107-9
|t Инженерная геодезия
|o учебник для вузов
|f Г. А. Федотов
|e 5-е изд., стер.
|c М.
|n Высшая школа
|d 2009
|p 463 с.
|a Федотов, Григорий Афанасьевич
|
| 451 |
|
1 |
|0 (RuTPU)RU\TPU\book\68771
|y 5-06-004156-5
|t Инженерная геодезия
|o учебник
|f Г. А. Федотов
|e 2-е изд., испр.
|c М.
|n Высшая школа
|d 2004
|p 463 с.
|a Федотов, Григорий Афанасьевич
|
| 606 |
|
|
|a Инженерная геодезия
|2 stltpush
|3 (RuTPU)RU\TPU\subj\12569
|9 39332
|
| 610 |
1 |
|
|a Земля
|
| 610 |
1 |
|
|a топографические карты
|
| 610 |
1 |
|
|a топографические планы
|
| 610 |
1 |
|
|a задачи
|
| 610 |
1 |
|
|a решения
|
| 610 |
1 |
|
|a электронные карты
|
| 610 |
1 |
|
|a местности
|
| 610 |
1 |
|
|a цифровые модели
|
| 610 |
1 |
|
|a математические модели
|
| 610 |
1 |
|
|a измерения
|
| 610 |
1 |
|
|a погрешности
|
| 610 |
1 |
|
|a геодезические работы
|
| 610 |
1 |
|
|a горизонтальные углы
|
| 610 |
1 |
|
|a вертикальные углы
|
| 610 |
1 |
|
|a гиротеодолиты
|
| 610 |
1 |
|
|a тахеометры
|
| 610 |
1 |
|
|a геометрическое нивелирование
|
| 610 |
1 |
|
|a тригонометрическое нивелирование
|
| 610 |
1 |
|
|a геодезические сети
|
| 610 |
1 |
|
|a теодолитная съемка
|
| 610 |
1 |
|
|a аэрофотосъемка
|
| 610 |
1 |
|
|a материалы
|
| 610 |
1 |
|
|a мостовые переходы
|
| 610 |
1 |
|
|a транспортные тоннели
|
| 610 |
1 |
|
|a аэропорты
|
| 610 |
1 |
|
|a учебники
|
| 675 |
|
|
|a 528.48(075.8)
|v 3
|
| 700 |
|
1 |
|a Федотов
|b Г. А.
|g Григорий Афанасьевич
|
| 801 |
|
1 |
|a RU
|b 63413507
|c 20040608
|g PSBO
|
| 801 |
|
2 |
|a RU
|b 63413507
|c 20211018
|g PSBO
|
| 900 |
|
|
|a Инженерная геодезия
|
| 942 |
|
|
|c BK
|
| 952 |
|
|
|a 550100
|b 291000
|
| 959 |
|
|
|a 87/20040608
|d 5
|e 144,1
|f ЧЗТЛ:1
|f АНЛ:2
|f НФ:2
|
| 959 |
|
|
|a 88/20061012
|d 16
|e 0
|f УФ:16
|